000 00692nam a2200289Ia 4500
005 20260324135813.0
008 008 260324s9999 xx 000 0 eng d
020 _a9780203037034
037 _aEBOOK
040 _aCRL
040 _beng
040 _cCRL
041 _2eng
041 _aeng
084 _qCRL
100 _aKunio Yoshihara
_919680
245 0 _aBuilding a Prosperous Southeast Asia
245 0 _bMoving from Ersatz to Echt Capitalism
260 _bTaylor and Francis
260 _c1999
365 _a
365 _b145
856 _uhttp://www.taylorfrancis.com/books/9780203037034
942 _cEBOOK
999 _c1803430
_d1803430